000 00420nam a22001217a 4500
008 230609b xxu||||| |||| 00| 0 eng d
082 _a332.67
_bKNA
100 _cGOK
245 _aNational Assembly
_bTreasury Memorandum on the Implementation Status on the Ninth Report of the Public Investments Committee on the Accounts of State Corporations
_hVolume III
260 _aKenya
_bGOK
_c2001
300 _a144p
942 _2ddc
_cBK
999 _c887
_d887